03882nam a2200385 i 4500001001000000003000900010005001700019007000300036008004100039040003000080082003300110100004600143245013700189250002200326264005900348300004500407336002700452337003300479338002800512500011700540505165800657590002602315650006502341651008102406651007902487710009702566910004602663942001402709952015402723952015102877952014803028952015103176952015203327999001703479000035927DO-SdBNP20250306142211.0ta111116s20-- dr r a 000 0 spaspa d aDO-SdBNPbspacBNPHUerda 4a330.97293bF825h [200-?]2221 aFranco, Franklin J.,d1936-eautor93441710aHistoria económica y financiera de la República Dominicana 1844-1962 :bintroducción a su estudio /cFranklin Franco Pichardo. a8a ed. rev. ampl. aSanto Domingo :bSociedad Editorial Dominicana,c200-. a321 páginas :bilustraciones ;c21 cm. 2rdacontentatextobtxt 2rdamediaasin mediaciónbn 2rdacarrieravolumenbnc aA la cabeza de la portada, Universidad Autónoma de Santo Domingo, Facultad de Ciencias Económicas y Sociales0 aPerfil de la situación económica del mundo occidental en la época de la Independencia Nacional y años inmediatamente posteriores -- Antecedentes -- Estructura de la economía: 1844-1870 25 -- Los problemas monetarios -- La economía durante la anexión -- Estado y administración pública -- De las compañías de crédito al endeudamiento exterior -- El repunte y caída de la industria azucarera -- Cambios en la política económica: 1865-1880 -- Tratado de libre cambio con Estados Unidos 1891-1894 -- Población 1844-1900 -- La crisis monetaria y la guerra internacional entre el oro y la plata -- La economía a finales del siglo XIX y los empréstitos con la Wesntendorp y la Santo Domingo Improvement Company -- Los primeros bancos: antecedentes -- Medios de comunicación: 1844-1924 -- La descomposición del campesinado -- La industria, la agricultura y la ganadería desde principios de siglo a 1920 -- La consolidación de la hegemonía norteamericana en la economía nacional -- La convención de 1907 y las reformas económicas del régimen de Cáceres -- El caos político afecta la economía y la administración pública -- La política económica de la dictadura militar norteamericana: 1916-1922 -- La situación económica entre 1922-1930 -- La crisis mundial de 1929 y sus repercusiones, años después -- La economía nacional entre 1935 y segunda guerra mundial -- De la segunda guerra mundial a la creación de la moneda nacional -- Creación de la moneda nacional permite al dictador el robo de divisas --. De la post-guerra hasta el final de la dictadura de Trujillo. aInventariado, 2020/VM 4aFinanzaszRepública DominicanaxHistoriay1844-1962961951 4aRepública DominicanaxCondiciones económicasxHistoriay1844-1962913746 4aRepública DominicanaxPolítica económicaxHistoriay1844-19629137471 aUniversidad Autónoma de Santo DomingobFacultad de Ciencias Económicas y Sociales972951 aVMateo / Validado. Control de calidad MFF 2ddccLBS1 00102ddc56708DSaBNPHUbBNPHUcHDd2011-11-16eDeposito Legal i oBNPHU DS 330.97293 F825h [200-?]p35927-30r2020-06-25te. 3w2020-06-25yLBS1 00102ddc56708DSaBNPHUbBNPHUcHDd2011-11-16eDeposito Legal oBNPHU DS 330.97293 F825h [200-?]p35927-40r2020-06-25te. 4w2020-06-25yLBS1 00102ddc51708PDaBNPHUbBNPHUcHDd2011-11-16eDeposito Legal i oBNPHU PD 330.97293 F825h [200-?]p35927-10r2020-06-25w2020-06-25yLBS1 00102ddc51708PDaBNPHUbBNPHUcHDd2011-11-16eDeposito Legal oBNPHU PD 330.97293 F825h [200-?]p35927-20r2020-06-25te. 2w2020-06-25yLBS1 00102ddc56708DSaBNPHUbBNPHUcHDd2011-11-16eDeposito Legal oBNPHU DS 330.97293 F825h [200-?]p2021-0013r2021-01-06te. 5w2020-06-25yLBS1 c35418d35418